000 00676nam a2200265Ia 4500
005 20260302120036.0
008 008 260114s9999 xx 000 0 eng d
020 _a9781784516611
037 _aTextbook
040 _aCRL
040 _beng
040 _cCRL
041 _2eng
041 _aeng
084 _qCRL
100 _aRichard Harwood KC and Victoria Hutton
_91123453
245 0 _aPlanning Policy
260 _bBloomsbury
260 _bBloomsbury Professional
260 _c2018
650 _aLaw
856 _uhttps://dx.doi.org/10.5040/9781784516611?locatt=label:secondary_bloomsburyCollections
942 _cEBOOK
999 _c1688359
_d1688359